000 00561nam a2200193Ia 4500
003 IN-BaIIA
005 20250709143521.0
008 211028s9999 xx 000 0 eng d
040 _cIIA Library
080 _a629.19(047.1)
_bASS-4
100 _aOrdway, I Frederick III
_93605
245 0 _aAdvance in space science and technology
_bvol. 4
_c I Frederick III Ordway,
260 _aNew York
_bAcademic Press
_c1962
300 _axiv,431p
650 _aNASA Thesaurus
650 _aSpace Science
650 _aSpace Technology
_93746
942 _cBK
_2ddc
999 _c2082
_d2082